000 00249nam a2200109Ia 4500
008 190216s9999||||xx |||||||||||||| ||und||
100 _aNooranad Haneefa
245 0 _aMalayalam-Preetha
260 _bNbs Kottayam
650 _aMalayalam
942 _cBK
999 _c24791
_d24791